Vicisitudes de la palabra álgebra /

Guardado en:
Autor Principal: Busto, Eduardo H. del.
Formato: Libro
Idioma:Spanish
Publicado: Bahía Blanca : Universidad Nacional del Sur, Departamento de Matemática, 1959.
Series:Colección Lecciones ; 1
Etiquetas: Agregar Etiqueta
Sin Etiquetas, Sea el primero en etiquetar este registro!
LEADER 00662nam a22001575a 4500
001 MAT.inmabb000729
008 031118s1959####ag############001#0#spa#d
005 20170803165609.0
245 1 0 |a Vicisitudes de la palabra álgebra /  |c por el Dr. Eduardo H. del Busto. 
260 |a Bahía Blanca :  |b Universidad Nacional del Sur, Departamento de Matemática,  |c 1959. 
300 |a 18 h. ;  |c 28 cm. 
440 0 |a Colección Lecciones ;  |v 1 
500 |a "Clase pública dada en la Universidad Nacional del Sur el 20 de marzo de 1959, con el auspicio del Instituto de Humanidades." 
100 1 |a Busto, Eduardo H. del. 
084 |a 00A30  |2 msc2000 
859 |h 00A30  |i B982  |p A-533  |b BIB. MATEMATICA